000 00559nam a2200217Ia 4500
008 160319s9999 xx 000 0 und d
020 _a971-668-003-1
050 _aFIL PN 989.P5
050 _b.B38
100 _aBatubalani, A.M.
245 _aMga Katutubong pabula :
245 _bmay ginintuang aral /
245 _cA.M. Batubalani.
260 _aManila :
260 _bLoacan Pub. House,
300 _a130 pages :
300 _billustrations ;
300 _c20 cm.
650 _aFolklore -- Philippines.
650 _xFables -- Philippines.
999 _c291708
_d291708